| 000 | 00520nam a2200181Ia 4500 | ||
|---|---|---|---|
| 999 |
_c6228 _d6228 |
||
| 020 | _a9788189884109 | ||
| 082 | _a305.420954 CHA-I | ||
| 100 | _aChanda, Geetanjali Singh | ||
| 245 | 0 | _aIndian women in the house of fiction | |
| 260 |
_aNew Delhi _bZubaan _c2008 |
||
| 300 | _ax, 348 | ||
| 504 | _aincludes bibliography | ||
| 650 |
_aWomen _vSocial conditions _zIndia |
||
| 650 |
_aHousewives _vSocial conditions _zIndia |
||
| 650 |
_aWomen _vHistory _zIndia |
||
| 650 |
_aWomen _vSocialogical aspects _zIndia |
||
| 942 | _cBK | ||